[Event "Moscow5-B"]
[Site "Moscow"]
[Date "1991.??.??"]
[Round "?"]
[White "Amidzic, Ognjen"]
[Black "Yanvarjov, Igor"]
[Result "0-1"]
[WhiteElo "2370"]
[BlackElo "2395"]
[PlyCount "72"]
[EventDate "1991.05.??"]
[Source "ChessBase"]

1. d4 Nf6 2. c4 g6 3. Nc3 Bg7 4. e4 O-O 5. f3 Nc6 6. Be3 d6 7. Nge2 Bd7 8. Qd2 e5 9. d5 Nb4 10. g4 h5 11. gxh5 Nxh5 12. Ng3 Nf4 13. a3 a5 14. Rb1 Na6 15. b4 axb4 16. axb4 Qe7 17. h4 Bh6 18. Nge2 f5 19. Nxf4 exf4 20. Bd4 fxe4 21. Nxe4 Bf5 22. Bd3 Nb8 23. Kf2 Nd7 24. Qb2 Bg7 25. h5 Bxd4+ 26. Qxd4 Qe5 27. Qb2 Qxb2+ 28. Rxb2 Ne5 29. Bf1 Bxe4 30. fxe4 g5 31. b5 b6 32. h6 Kh7 33. Rc2 Rf6 34. Be2 Rxh6 35. Rg1 Kg6 36. Bg4 Rh2+ 0-1

[Event "BL2-W 9394"]
[Site "GER"]
[Date "1993.??.??"]
[Round "?"]
[White "Karkanaque, Ilir"]
[Black "Sieglen, Joachim"]
[Result "1-0"]
[WhiteElo "2355"]
[BlackElo "2410"]
[PlyCount "83"]
[EventDate "1993.10.??"]
[Source "www.chesslib.no"]
[SourceDate "2004.05.04"]

1. d4 Nf6 2. c4 g6 3. Nc3 Bg7 4. e4 d6 5. f3 O-O 6. Be3 Nc6 7. Qd2 a6 8. h4 Rb8 9. O-O-O e5 10. d5 Nd4 11. Nge2 c5 12. dxc6 bxc6 13. Nxd4 exd4 14. Bxd4 Be6 15. e5 dxe5 16. Bxe5 Qa5 17. Bxb8 Rxb8 18. g4 Nd7 19. Rh2 Ne5 20. Qf4 h6 21. Rc2 g5 22. hxg5 hxg5 23. Qe4 Rb4 24. Rd6 Bf8 25. Rxe6 fxe6 26. Bd3 Bg7 27. Qe3 Rb7 28. Be2 Rd7 29. Rd2 Rxd2 30. Qxd2 Qc5 31. Ne4 Qg1+ 32. Kc2 Nf7 33. c5 Qa1 34. Nc3 Qg1 35. Bc4 Qxc5 36. Bxe6 Kf8 37. Qd7 Qe7 38. Qxc6 Bxc3 39. bxc3 Ne5 40. Qc8+ Kg7 41. Bd5 Nd7 42. Qg8+ 1-0

[Event "BCF Ch"]
[Site "Southampton ENG"]
[Date "1986.??.??"]
[Round "9"]
[White "Levitt, Jonathan"]
[Black "Lawton, Geoffrey W"]
[Result "1/2-1/2"]
[WhiteElo "2395"]
[BlackElo "2365"]
[PlyCount "39"]
[EventDate "1986.07.28"]
[Source "www.chesslib.no"]
[SourceDate "2004.05.04"]

1. d4 Nf6 2. c4 g6 3. Nc3 Bg7 4. e4 d6 5. f3 O-O 6. Be3 Nc6 7. Qd2 a6 8. Nge2 Bd7 9. h4 b5 10. h5 e5 11. Nd5 bxc4 12. Nxf6+ Bxf6 13. d5 c3 14. Nxc3 Nd4 15. O-O-O Qe7 16. Kb1 Rfb8 17. Ne2 Nb5 18. Nc3 Nd4 19. Ne2 Nb5 20. Nc3 1/2-1/2

[Event "Nova Gorica op"]
[Site "Nova Gorica"]
[Date "1997.??.??"]
[Round "2"]
[White "Laco, Giuseppe"]
[Black "Delchev, Aleksander"]
[Result "0-1"]
[WhiteElo "2240"]
[BlackElo "2515"]
[PlyCount "116"]
[EventDate "1997.01.??"]
[Source "www.chesslib.no"]
[SourceDate "2004.05.04"]

1. c4 g6 2. e4 Bg7 3. d4 d6 4. Nc3 Nf6 5. f3 O-O 6. Be3 Nc6 7. Qd2 a6 8. g4 e5 9. d5 Nd4 10. h4 h5 11. Bg5 Qe8 12. Bxf6 Bxf6 13. gxh5 Kg7 14. h6+ Kh7 15. O-O-O b5 16. Nce2 c5 17. Nxd4 cxd4 18. Kb1 Bd7 19. Qf2 Qe7 20. cxb5 axb5 21. Bd3 Rfc8 22. Ne2 Be8 23. Rd2 Qa7 24. b3 Bd8 25. Nc1 Rc3 26. f4 Rac8 27. h5 Qc7 28. hxg6+ fxg6 29. Rdd1 Qf7 30. Ne2 R3c7 31. Rdf1 Qf6 32. Qg3 Rf7 33. f5 g5 34. Rfg1 Rfc7 35. Qe1 Rc5 36. Qd2 Be7 37. Ng3 Rc3 38. Nh5 Bxh5 39. Rxh5 Qf7 40. Rh2 b4 41. Be2 Bf6 42. Bd3 Ra8 43. Qd1 Qa7 44. Rb2 Rac8 45. Qh5 Rg8 46. Bb5 d3 47. Rd1 g4 48. Be8 Rg5 49. Bg6+ Kh8 50. Qh1 g3 51. Qg2 Qe3 52. Rbd2 Rg4 53. Be8 Qxe4 54. Bh5 Qxg2 55. Rxg2 Rh4 56. Bf7 Rh3 57. Be8 e4 58. Bb5 Rh2 0-1

[Event "CRO-chT2"]
[Site "Tucepi"]
[Date "1996.??.??"]
[Round "?"]
[White "Levacic, Patrick"]
[Black "Fercec, Nenad"]
[Result "1-0"]
[WhiteElo "2350"]
[BlackElo "2405"]
[PlyCount "139"]
[EventDate "1996.??.??"]
[Source "www.chesslib.no"]
[SourceDate "2004.05.04"]

1. d4 Nf6 2. c4 g6 3. f3 Bg7 4. e4 d6 5. Be3 O-O 6. Qd2 Nc6 7. Ne2 a6 8. Nbc3 e5 9. d5 Na5 10. Ng3 c5 11. dxc6 Nxc6 12. Bd3 Be6 13. O-O Nd4 14. Nce2 Nc6 15. Rac1 h5 16. Nh1 Re8 17. Nf2 Rc8 18. b3 Qc7 19. Nd1 Qb8 20. a4 Nd7 21. a5 Qc7 22. Ra1 Nd4 23. Ra3 Nc5 24. Nxd4 exd4 25. Bf2 Qe7 26. Bb1 Qf6 27. Nb2 Bd7 28. Nd3 Qe7 29. Nb4 Ne6 30. Nd5 Qd8 31. Bd3 Bc6 32. Bb1 Kh7 33. f4 Nc5 34. Bxd4 Nxe4 35. Bxe4 Rxe4 36. Bxg7 Kxg7 37. f5 Bxd5 38. Qxd5 Re5 39. Qxb7 Qc7 40. Qxc7 Rxc7 41. fxg6 fxg6 42. Rd1 Re2 43. Raa1 Rb2 44. Rab1 Ra2 45. Rxd6 Re7 46. Rd5 Ree2 47. Rg5 Kf6 48. Rg3 Rxa5 49. h4 Re4 50. b4 Ra4 51. b5 axb5 52. cxb5 Rxh4 53. b6 Rhb4 54. Rgb3 Rxb3 55. Rxb3 Ra8 56. b7 Rb8 57. Rb5 Kg7 58. Kf2 Kf6 59. Kf3 g5 60. Ke4 Re8+ 61. Kd4 Rb8 62. Kd5 Kf5 63. Kc6+ Kf4 64. Kc7 Rf8 65. b8=Q Rxb8 66. Kxb8 h4 67. Rb3 g4 68. Kc7 g3 69. Rf3+ Kg4 70. Rf8 1-0

[Event "Sonnevanck-B"]
[Site "Wijk aan Zee NED"]
[Date "1995.??.??"]
[Round "3"]
[White "Bertholee, Rob"]
[Black "Lane, Gary W"]
[Result "0-1"]
[WhiteElo "2345"]
[BlackElo "2405"]
[PlyCount "56"]
[EventDate "1995.02.??"]
[Source "www.chesslib.no"]
[SourceDate "2004.05.04"]

1. d4 Nf6 2. c4 g6 3. f3 Bg7 4. e4 d6 5. Be3 O-O 6. Qd2 Nc6 7. Nc3 a6 8. O-O-O Rb8 9. Bh6 e5 10. Bxg7 Kxg7 11. Nge2 b5 12. g4 h5 13. gxh5 Nxh5 14. Ng3 Qh4 15. Nxh5+ Qxh5 16. dxe5 dxe5 17. cxb5 axb5 18. Bxb5 Nd4 19. Be2 Be6 20. Kb1 Ra8 21. Qe3 Ra5 22. Rdg1 Rfa8 23. a3 Rb8 24. Bd1 Rxa3 25. h4 Qh6 26. Qd3 c5 27. Re1 Ba2+ 28. Ka1 Qc1+ 0-1

[Event "World op"]
[Site "Philadelphia"]
[Date "1997.??.??"]
[Round "1"]
[White "Fedorowicz, John P"]
[Black "Weeramantry, Sunil"]
[Result "1-0"]
[WhiteElo "2510"]
[BlackElo "2240"]
[PlyCount "79"]
[EventDate "1997.09.??"]
[Source "www.chesslib.no"]
[SourceDate "2004.05.04"]

1. d4 Nf6 2. c4 g6 3. Nc3 Bg7 4. e4 d6 5. f3 O-O 6. Nge2 Nc6 7. Be3 Re8 8. Qd2 Rb8 9. h4 h5 10. Nc1 e5 11. d5 Nd4 12. Nb3 c5 13. dxc6 bxc6 14. Nxd4 exd4 15. Bxd4 d5 16. cxd5 cxd5 17. e5 Nd7 18. f4 f6 19. Bxa7 Rb7 20. Bf2 fxe5 21. Qxd5+ Kh7 22. O-O-O Qf6 23. g3 Nb6 24. Qd6 Re6 25. Qd8 Qf7 26. Bb5 exf4 27. Bd4 Bd7 28. Bxg7 Kxg7 29. Bxd7 Nxd7 30. gxf4 Re3 31. Qa5 Qxf4 32. Kb1 Qf2 33. b3 Qf6 34. Rc1 Ne5 35. Rhf1 Nf3 36. Rf2 Qxh4 37. Rg2 Rd7 38. Qb6 Ne1 39. Rb2 Rg3 40. Rd1 1-0

[Event "Elekes mem-A"]
[Site "Budapest HUN"]
[Date "1981.??.??"]
[Round "?"]
[White "Szilagyi, Peter"]
[Black "Beil, Zdenek"]
[Result "1-0"]
[WhiteElo "2360"]
[BlackElo "2390"]
[PlyCount "67"]
[EventDate "1981.07.??"]
[Source "www.chesslib.no"]
[SourceDate "2004.05.04"]

1. d4 Nf6 2. c4 g6 3. Nc3 Bg7 4. e4 d6 5. f3 O-O 6. Be3 Nc6 7. Qd2 Re8 8. Nge2 a6 9. a3 Bd7 10. Rd1 a5 11. d5 Ne5 12. Nd4 c5 13. Ndb5 Nh5 14. Be2 f5 15. exf5 gxf5 16. Bh6 Bf6 17. O-O Kh8 18. f4 Ng4 19. Bg5 Bxg5 20. fxg5 Ng7 21. Bxg4 fxg4 22. Ne4 Bf5 23. Ng3 Bg6 24. Qe2 Qd7 25. Rde1 Rad8 26. Rf4 e5 27. Rf6 Qe7 28. Qxg4 e4 29. h4 e3 30. h5 Nxh5 31. Nxh5 Qe5 32. Nf4 Re7 33. Rxg6 Qxb2 34. Qe2 1-0

[Event "Corr"]
[Site "?"]
[Date "1997.10.05"]
[Round "?"]
[White "Sever Nick R"]
[Black "Kazoks Aivars (LAT)"]
[Result "1-0"]
[WhiteElo "2330"]
[BlackElo "2415"]
[PlyCount "29"]
[EventDate "1997.??.??"]
[Source "www.chesslib.no"]
[SourceDate "2004.05.04"]

1. c4 g6 2. Nc3 Bg7 3. e4 d6 4. d4 Nf6 5. f3 O-O 6. Be3 Nc6 7. Qd2 a6 8. Nge2 Re8 9. Bh6 Bh8 10. h4 b5 11. cxb5 axb5 12. Nxb5 Ba6 13. Nec3 e5 14. dxe5 Nd4 15. exf6 1-0

[Event "Politiken Cup"]
[Site "Copenhagen DEN"]
[Date "1981.??.??"]
[Round "2"]
[White "Jakobsen, Ole"]
[Black "Ravikumar, Vaidyanathan"]
[Result "1/2-1/2"]
[WhiteElo "2415"]
[BlackElo "2325"]
[PlyCount "71"]
[EventDate "1981.??.??"]
[Source "www.chesslib.no"]
[SourceDate "2004.05.04"]

1. d4 Nf6 2. c4 g6 3. Nc3 Bg7 4. e4 d6 5. f3 O-O 6. Be3 a6 7. Qd2 Nc6 8. Nge2 Re8 9. h4 h5 10. O-O-O b5 11. Bh6 Bh8 12. g4 bxc4 13. Ng3 e5 14. d5 Nd4 15. gxh5 Nxh5 16. Nxh5 gxh5 17. Bh3 Kh7 18. Bxc8 Rxc8 19. Bg5 Qd7 20. f4 f6 21. f5 Rg8 22. Be3 Nb5 23. Rhg1 Nxc3 24. bxc3 Rg4 25. Rxg4 hxg4 26. Qe2 Rg8 27. Rg1 Qa4 28. Kb2 Rb8+ 29. Ka1 Qb5 30. Qc2 Rg8 31. Qe2 Rb8 32. Qc2 Rg8 33. Qe2 Qa5 34. Bd2 Qb6 35. Be3 Qa5 36. Bd2 1/2-1/2

[Event "Novi Sad ol (Men)"]
[Site "Novi Sad YUG"]
[Date "1990.??.??"]
[Round "2"]
[White "Sebih, Kamel"]
[Black "Westerinen, Heikki M J"]
[Result "1/2-1/2"]
[WhiteElo "2260"]
[BlackElo "2475"]
[PlyCount "29"]
[EventDate "1990.11.??"]
[Source "www.chesslib.no"]
[SourceDate "2004.05.04"]

1. d4 Nf6 2. c4 g6 3. Nc3 Bg7 4. e4 d6 5. f3 O-O 6. Be3 Nc6 7. Qd2 Re8 8. Nge2 Rb8 9. Nc1 e5 10. Nb3 exd4 11. Nxd4 d5 12. cxd5 Nxd5 13. Nxd5 Nxd4 14. O-O-O Ne6 15. Kb1 1/2-1/2

[Event "BL2-W 8788"]
[Site "GER"]
[Date "1988.??.??"]
[Round "?"]
[White "Nautsch, Werner"]
[Black "Westerinen, Heikki M J"]
[Result "1/2-1/2"]
[WhiteElo "2340"]
[BlackElo "2395"]
[PlyCount "104"]
[EventDate "1987.10.??"]
[Source "www.chesslib.no"]
[SourceDate "2004.05.04"]

1. d4 Nf6 2. c4 g6 3. Nc3 Bg7 4. e4 d6 5. f3 O-O 6. Be3 Nc6 7. Qd2 Re8 8. Nge2 a6 9. g4 Rb8 10. Ng3 e5 11. d5 Nd4 12. Be2 c5 13. O-O Qa5 14. h3 Nd7 15. Bd3 b5 16. Kg2 bxc4 17. Bxc4 Nb6 18. Bd3 Na4 19. Nxa4 Qxa4 20. b3 Qb4 21. Ne2 Qxd2 22. Bxd2 Bf6 23. Nxd4 exd4 24. f4 Bd8 25. Rae1 f6 26. Kg3 Bd7 27. Bxa6 Ra8 28. Bc4 Rxa2 29. Rf2 Rxd2 30. Rxd2 Ba5 31. Rde2 Bxe1+ 32. Rxe1 Kf8 33. Kf3 Rb8 34. e5 fxe5 35. fxe5 dxe5 36. Rxe5 Bb5 37. d6 Bc6+ 38. Kf4 Rd8 39. Rxc5 Rxd6 40. Ke5 Ke7 41. Bd3 g5 42. Ra5 h6 43. Ra7+ Rd7 44. Ra6 Rd5+ 45. Ke4 Kd6 46. b4 Kc7 47. Bc4 Rd8+ 48. Kd3 Bg2 49. Kd2 Bxh3 50. Rxh6 Bxg4 51. Rg6 Rh8 52. Rxg5 Rh2+ 1/2-1/2

[Event "NOR-ch"]
[Site "NOR"]
[Date "1975.??.??"]
[Round "1"]
[White "Wibe, Terje"]
[Black "Sande, Oystein"]
[Result "1-0"]
[WhiteElo "2370"]
[BlackElo "2365"]
[PlyCount "67"]
[EventDate "1975.??.??"]
[Source "ChessBase"]

1. d4 Nf6 2. c4 g6 3. Nc3 Bg7 4. e4 d6 5. f3 O-O 6. Be3 Nc6 7. Qd2 Re8 8. Nge2 Rb8 9. Bh6 Bh8 10. d5 Na5 11. Ng3 c5 12. h4 a6 13. h5 Bd7 14. hxg6 fxg6 15. f4 e6 16. O-O-O exd5 17. cxd5 b5 18. Re1 Ng4 19. Bg5 Qc7 20. Be2 b4 21. Nd1 c4 22. Bxg4 c3 23. bxc3 bxc3 24. Qc2 Bxg4 25. e5 Bxd1 26. Rxd1 Rb2 27. Qa4 Reb8 28. Ne4 c2 29. Rde1 R2b4 30. exd6 Qc4 31. Nf6+ Bxf6 32. Re8+ Rxe8 33. Qxe8+ Kg7 34. Bh6# 1-0

[Event "RUS-Cup03 (Geller mem)"]
[Site "Moscow"]
[Date "1999.02.07"]
[Round "6"]
[White "Mitin, Andrej"]
[Black "Lobzhanidze, Davit"]
[Result "0-1"]
[WhiteElo "2275"]
[BlackElo "2452"]
[PlyCount "113"]
[EventDate "1999.02.10"]
[Source "ChessBase"]
[SourceDate "1999.06.08"]

1. c4 g6 2. d4 Bg7 3. Nc3 d6 4. e4 Nf6 5. f3 O-O 6. Be3 Nc6 7. Bd3 e5 8. d5 Nd4 9. Nge2 Nh5 10. Qd2 c5 11. dxc6 bxc6 12. O-O f5 13. exf5 gxf5 14. f4 Nxe2+ 15. Nxe2 e4 16. Bc2 Be6 17. Bb3 a5 18. Nd4 Bxd4 19. Bxd4 a4 20. Bd1 Nf6 21. Be2 c5 22. Bc3 Qe7 23. Qe3 h6 24. b4 axb3 25. axb3 Kh7 26. b4 Nd7 27. Rxa8 Rxa8 28. Ra1 Rxa1+ 29. Bxa1 cxb4 30. Qd4 Qf8 31. Bh5 Nc5 32. g3 Nb3 33. Qa7+ Kg8 34. Bg6 Bf7 35. Bxf5 Nxa1 36. Qxa1 Bxc4 37. Bxe4 d5 38. Qd4 Qf7 39. Bf3 Qf5 40. Kg2 h5 41. Qa1 b3 42. Qa8+ Kg7 43. Bd1 Qf6 44. Qa7+ Kh6 45. Qe3 d4 46. Qf3 Qf7 47. Qc6+ Qe6 48. Qxe6+ Bxe6 49. Kf2 Kg6 50. f5+ Kxf5 51. Ke2 b2 52. Bc2+ Ke5 53. Kd2 Ba2 54. Kd3 b1=Q 55. Bxb1 Bxb1+ 56. Kc4 Ke4 57. h3 0-1

[Event "Skopje ol (Men)"]
[Site "Skopje MKD"]
[Date "1972.10.03"]
[Round "7.1"]
[White "Pustina, Ylvi"]
[Black "Keene, Raymond D"]
[Result "1/2-1/2"]
[WhiteElo "2280"]
[BlackElo "2435"]
[PlyCount "26"]
[EventDate "1972.09.??"]
[Source "www.chesslib.no"]
[SourceDate "2004.05.04"]

1. d4 Nf6 2. c4 g6 3. Nc3 Bg7 4. e4 O-O 5. Be3 d6 6. f3 Nc6 7. Nge2 Rb8 8. Qd2 Re8 9. Nc1 e5 10. Nb3 exd4 11. Nxd4 d5 12. cxd5 Nxd5 13. Nxd5 Nxd4 1/2-1/2

[Event "Moscow-ch op"]
[Site "Moscow"]
[Date "1998.??.??"]
[Round "2"]
[White "Kosarev, Andrei M"]
[Black "Hait, Alexander"]
[Result "0-1"]
[WhiteElo "2295"]
[BlackElo "2420"]
[PlyCount "92"]
[EventDate "1998.??.??"]
[Source "www.chesslib.no"]
[SourceDate "2004.05.04"]

1. d4 Nf6 2. c4 g6 3. Nc3 Bg7 4. e4 d6 5. f3 O-O 6. Be3 Nc6 7. Qd2 a6 8. Nge2 Re8 9. g4 Rb8 10. h4 b5 11. h5 e5 12. d5 Nd4 13. Bg2 b4 14. Nd1 c5 15. dxc6 Nxc6 16. b3 Be6 17. Bh6 Bh8 18. Ne3 Nd4 19. Ng3 Nd7 20. Nef5 Nc5 21. Bg5 f6 22. hxg6 fxg5 23. Rxh7 Qf6 24. Nh5 Qxg6 25. Rh6 Bxf5 26. Rxg6+ Bxg6 27. Qxg5 Kf7 28. O-O-O Nce6 29. Qh6 Bxh5 30. Qxh5+ Ke7 31. g5 Bg7 32. Qg4 Rh8 33. Bf1 Rh2 34. Kb1 Rf8 35. c5 dxc5 36. Bc4 Rf4 37. Qg3 Rfh4 38. Bxe6 Kxe6 39. Rf1 Ne2 40. Qe1 Nc3+ 41. Kc1 Nxa2+ 42. Kb1 Nc3+ 43. Kc1 Bf8 44. Rf2 c4 45. Qd2 Rh1+ 46. Kc2 Ra1 0-1

[Event "Macedonian op"]
[Site "Struga"]
[Date "2002.07.27"]
[Round "8"]
[White "Ermenkov, Evgenij"]
[Black "Pancevski, Filip"]
[Result "1-0"]
[WhiteElo "2471"]
[BlackElo "2241"]
[PlyCount "97"]
[EventDate "2002.07.20"]
[Source "ChessBase"]
[SourceDate "2002.09.11"]

1. c4 Nf6 2. Nc3 g6 3. e4 d6 4. d4 Bg7 5. f3 O-O 6. Be3 Nc6 7. Qd2 a6 8. Nge2 Re8 9. Rc1 Rb8 10. Nd1 Bd7 11. Nf2 b5 12. c5 dxc5 13. Rxc5 e5 14. d5 Ne7 15. Nd3 c6 16. d6 Nc8 17. Nb4 Re6 18. Nxc6 Bxc6 19. Rxc6 Rxd6 20. Rxd6 Nxd6 21. Nc3 Qc7 22. Bg5 b4 23. Nd5 Nxd5 24. Qxd5 Nb5 25. Bd3 Qa7 26. Ke2 Nd4+ 27. Kd2 h6 28. Be3 Bf6 29. Bxd4 Bg5+ 30. Ke2 exd4 31. e5 Rd8 32. Qe4 Be3 33. f4 Qb6 34. Rf1 b3 35. axb3 Qa5 36. f5 Qd2+ 37. Kf3 Bg5 38. fxg6 Qe3+ 39. Qxe3 dxe3 40. Bc4 Kg7 41. gxf7 Rd4 42. g3 h5 43. h4 Bh6 44. e6 Kf8 45. Ra1 Rd2 46. Be2 Rd5 47. Rxa6 Rf5+ 48. Ke4 Rf2 49. Kd3 1-0

[Event "Brighton"]
[Site "Brighton"]
[Date "1979.??.??"]
[Round "?"]
[White "Blackstock, Lesly SF"]
[Black "Whiteley, Andrew J"]
[Result "1-0"]
[WhiteElo "2340"]
[BlackElo "2370"]
[PlyCount "79"]
[EventDate "1979.12.??"]
[Source "ChessBase"]

1. c4 Nf6 2. Nc3 g6 3. e4 d6 4. d4 Bg7 5. f3 O-O 6. Be3 Nc6 7. Nge2 Rb8 8. Qd2 Re8 9. g4 a6 10. h4 h5 11. gxh5 Nxh5 12. O-O-O b5 13. Rg1 Kh7 14. Ng3 Nxg3 15. Rxg3 e5 16. d5 Nd4 17. h5 g5 18. h6 Bxh6 19. Ne2 Nxe2+ 20. Bxe2 f6 21. Rh1 Kg7 22. c5 dxc5 23. Bxc5 Bd7 24. f4 exf4 25. Qxf4 Rh8 26. e5 g4 27. Rxh6 Rxh6 28. Bxg4 Kh7 29. Bxd7 Qxd7 30. e6 Rh1+ 31. Kc2 Rh2+ 32. Kc3 b4+ 33. Kd4 Qd8 34. Qf5+ Kh8 35. e7 Qg8 36. Qxf6+ Kh7 37. Rxg8 Rxg8 38. Qf5+ Kh6 39. Qf4+ Kg6 40. Qxh2 1-0

[Event "Aschach Donau (open)"]
[Site "?"]
[Date "2003.12.26"]
[Round "1"]
[White "Stanec Nikolaus"]
[Black "Loidl Florian"]
[Result "1-0"]
[WhiteElo "2557"]
[BlackElo "2151"]
[PlyCount "87"]
[EventDate "2003.??.??"]
[Source "www.chesslib.no"]
[SourceDate "2004.05.04"]

1. d4 Nf6 2. c4 g6 3. Nc3 Bg7 4. e4 O-O 5. Be3 d6 6. f3 Nc6 7. Qd2 e5 8. d5 Ne7 9. Bd3 c6 10. Nge2 cxd5 11. cxd5 Nd7 12. Nb5 Nc5 13. Rc1 b6 14. Na3 a5 15. Nc3 f5 16. Bb5 Rb8 17. Rc2 Kh8 18. h4 h5 19. Bg5 fxe4 20. fxe4 Bf6 21. O-O Ng8 22. Bc6 Ba6 23. Bb5 Bc8 24. Nc4 Kg7 25. Qe3 Rf7 26. Rcf2 Rf8 27. Nd2 Qe7 28. a3 Na6 29. Nc4 Nc7 30. a4 Na6 31. Nxb6 Nc5 32. Nc4 Qc7 33. Bc6 Ba6 34. Nb5 Bxb5 35. axb5 Qe7 36. Nxa5 Qc7 37. Nc4 Qe7 38. b6 Rf7 39. b4 Nb7 40. Bxb7 Rxb7 41. Na5 Rd7 42. Rf3 Qe8 43. Qf2 Qf8 44. b7 1-0

[Event "Corr"]
[Site "?"]
[Date "2002.06.15"]
[Round "?"]
[White "Lovholt Thor (NOR)"]
[Black "Cavajda Ivan (SVK)"]
[Result "1-0"]
[WhiteElo "2305"]
[BlackElo "2400"]
[PlyCount "111"]
[EventDate "2002.??.??"]
[Source "www.chesslib.no"]
[SourceDate "2004.05.04"]

1. d4 Nf6 2. c4 g6 3. Nc3 Bg7 4. e4 d6 5. f3 O-O 6. Be3 Nc6 7. Qd2 a6 8. Bd3 e5 9. d5 Nd4 10. Nge2 Nh5 11. O-O c5 12. dxc6 bxc6 13. Rad1 Rb8 14. b3 Qc7 15. g4 Nf4 16. Nxf4 exf4 17. Bxf4 Nxf3+ 18. Rxf3 Bd7 19. h3 Bd4+ 20. Be3 Bxe3+ 21. Rxe3 Be6 22. Bf1 Rbd8 23. Rd3 Qa5 24. Na4 Qe5 25. Bg2 h5 26. g5 Rde8 27. Qe3 Rd8 28. c5 d5 29. exd5 Qxe3+ 30. Rxe3 cxd5 31. Red3 Kg7 32. Nb6 Rfe8 33. b4 d4 34. Bb7 Bxa2 35. Bxa6 Re5 36. Rxd4 Rxg5+ 37. Kh2 Rb8 38. Nd7 Ra8 39. b5 Be6 40. c6 Rf5 41. c7 Rf2+ 42. Kh1 Rc2 43. c8=Q Raxc8 44. Bxc8 Rxc8 45. b6 Bxh3 46. b7 Bxd7 47. Rxd7 Rb8 48. Rf1 Kh6 49. Rdxf7 Kg5 50. Rg1+ Kh6 51. Ra1 h4 52. Kh2 Rd8 53. Ra8 Rd2+ 54. Kh3 Rb2 55. b8=Q Rb3+ 56. Qxb3 1-0

[Event "Manila ol (Men)"]
[Site "Manila PHI"]
[Date "1992.??.??"]
[Round "?"]
[White "Lodhi, Mahmood"]
[Black "Pineau, Jacques"]
[Result "1/2-1/2"]
[WhiteElo "2425"]
[BlackElo "2280"]
[PlyCount "88"]
[EventDate "1992.06.??"]
[Source "www.chesslib.no"]
[SourceDate "2004.05.04"]

1. d4 Nf6 2. c4 g6 3. Nc3 Bg7 4. e4 d6 5. f3 O-O 6. Be3 Nc6 7. Qd2 Re8 8. Nge2 Rb8 9. Nc1 e5 10. d5 Nd4 11. Nb3 c5 12. dxc6 bxc6 13. Nxd4 exd4 14. Bxd4 c5 15. Be3 d5 16. cxd5 Nxd5 17. Qxd5 Rxb2 18. Qxd8 Bxc3+ 19. Qd2 Rxd2 20. Bxd2 Bxa1 21. Bc4 Be6 22. Bxe6 Rxe6 23. Ke2 Bd4 24. Rc1 f5 25. Kd3 fxe4+ 26. fxe4 Ra6 27. Rc2 Kf7 28. Kc4 Ke6 29. Bf4 Rb6 30. a3 Rb1 31. g3 Ra1 32. Bc1 Rb1 33. Bf4 Ra1 34. Bc1 Rb1 35. Bh6 Ra1 36. Kb3 Re1 37. Bf8 Re3+ 38. Kc4 Rxa3 39. Bxc5 Bxc5 40. Kxc5 Ke5 41. Kb4 Ra6 42. Rc7 h5 43. Re7+ Re6 44. Rxa7 Kxe4 1/2-1/2

[Event "Los Angeles"]
[Site "Los Angeles, CA USA"]
[Date "1992.??.??"]
[Round "?"]
[White "Schroer, Jonathan"]
[Black "Strayer, Geofrey"]
[Result "0-1"]
[WhiteElo "2395"]
[BlackElo "2310"]
[PlyCount "155"]
[EventDate "1992.??.??"]
[Source "www.chesslib.no"]
[SourceDate "2004.05.04"]

1. d4 Nf6 2. c4 g6 3. Nc3 Bg7 4. e4 d6 5. f3 O-O 6. Be3 Nc6 7. Qd2 e5 8. d5 Nd4 9. Nge2 Nxe2 10. Bxe2 Nh5 11. O-O-O f5 12. Kb1 b6 13. exf5 gxf5 14. g3 Bd7 15. Bh6 Qf6 16. Bxg7 Qxg7 17. Rhg1 Kh8 18. Rdf1 Rae8 19. Bd1 Re7 20. Rg2 Nf6 21. Bc2 Rfe8 22. Re2 a6 23. Nd1 Nh5 24. Rfe1 Nf6 25. Nf2 Rg8 26. Qc3 Qh6 27. f4 e4 28. g4 Qg7 29. gxf5 Bxf5 30. Nh3 Nh5 31. Re3 Qxc3 32. bxc3 Rg2 33. Ng5 Nxf4 34. Rf1 Rxg5 35. Rxf4 Bg6 36. h4 Rf5 37. Rg4 Ree5 38. Kb2 Rf3 39. Re2 Rf1 40. Re3 Ref5 41. Kb3 R5f4 42. Rxf4 Rxf4 43. h5 Bf5 44. Rg3 Rg4 45. Re3 Kg7 46. Bd1 Rf4 47. Rg3+ Kf7 48. h6 Bg6 49. Bg4 Kf6 50. Bc8 a5 51. Bd7 Rf3 52. Rg1 e3 53. Bg4 Rf4 54. Rg3 Re4 55. Be2 Re5 56. Ka4 Kf5 57. Kb5 Kf4 58. Rg4+ Kf5 59. Rg3 Kf4 60. Rg4+ Kf5 61. Rg3 Kf6 62. Kc6 Re7 63. Kb7 a4 64. a3 Kf7 65. Kc6 Ke8 66. Kb5 Kd8 67. Kxa4 Kc8 68. Kb3 Kb7 69. Kb2 Ka6 70. Kb3 Ka7 71. Kb4 Re4 72. Kb3 Re5 73. Kb4 Re8 74. Kb3 Kb7 75. Kb4 Bc2 76. Kb5 Ra8 77. Kb4 Ra4+ 78. Kb5 0-1

[Event "Aarhus int-B"]
[Site "Aarhus DEN"]
[Date "1990.??.??"]
[Round "5"]
[White "Kroll, Ove"]
[Black "McDonald, Neil R"]
[Result "0-1"]
[WhiteElo "2340"]
[BlackElo "2360"]
[PlyCount "160"]
[EventDate "1990.??.??"]
[Source "www.chesslib.no"]
[SourceDate "2004.05.04"]

1. c4 Nf6 2. Nc3 g6 3. e4 d6 4. d4 Bg7 5. f3 O-O 6. Be3 Nc6 7. Nge2 Rb8 8. a3 a6 9. b4 Re8 10. Ra2 Bd7 11. Rd2 e6 12. g3 e5 13. d5 Ne7 14. Nc1 Nh5 15. Be2 f5 16. Nb3 Kh8 17. Rd3 Ng8 18. Qd2 Rf8 19. Kd1 Nhf6 20. Kc2 fxe4 21. fxe4 Ng4 22. Bxg4 Bxg4 23. h3 Bd7 24. g4 Rf7 25. g5 Qe7 26. Qg2 Rbf8 27. Nd2 Qe8 28. h4 Ne7 29. Qe2 Qc8 30. Rg1 c6 31. Kb2 cxd5 32. cxd5 Kg8 33. Rc1 Bg4 34. Qg2 Qd7 35. Nc4 Nc8 36. Nb6 Nxb6 37. Bxb6 Bf3 38. Qg1 Rf4 39. Re1 Rxh4 40. Ree3 Rh1 41. Qg3 Bh5 42. Re1 Rxe1 43. Qxe1 h6 44. Qg1 hxg5 45. Qxg5 Kh7 46. Be3 Rf3 47. Nb1 Qg4 48. Qxg4 Bxg4 49. Nd2 Rh3 50. Rc3 b5 51. Bg5 Rxc3 52. Kxc3 Kg8 53. Nb3 Kf7 54. Na5 Bf6 55. Bxf6 Kxf6 56. Nb7 Ke7 57. Kd3 Bc8 58. Na5 Kf6 59. Ke3 Kg5 60. Nc6 Bd7 61. Nd8 Kf6 62. Kf3 Ke7 63. Nb7 Bh3 64. Na5 Bf1 65. Nc6+ Kd7 66. Nb8+ Kc7 67. Nc6 g5 68. Kf2 Bd3 69. Ke3 Bc2 70. Ne7 Kd7 71. Nf5 Bd1 72. Nh6 Bh5 73. Nf5 Bg6 74. Ng7 g4 75. Ne6 Ke7 76. Nc7 g3 77. Nxa6 Bxe4 78. Nc7 Bd3 79. Kf3 Bc4 80. Kxg3 Kd7 0-1

[Event "Herzliya"]
[Site "Herzliya"]
[Date "1993.??.??"]
[Round "5"]
[White "Lev, Ronen"]
[Black "Slutzky, Leonid"]
[Result "1/2-1/2"]
[WhiteElo "2465"]
[BlackElo "2230"]
[PlyCount "69"]
[EventDate "1993.11.??"]
[Source "ChessBase"]

1. d4 Nf6 2. c4 g6 3. Nc3 Bg7 4. e4 d6 5. f3 O-O 6. Be3 a6 7. Qd2 Nc6 8. Nge2 Re8 9. a3 Bd7 10. b4 Qb8 11. Rb1 b5 12. Nc1 e5 13. d5 Nd4 14. Nb3 Nxb3 15. Rxb3 c6 16. Be2 cxd5 17. cxd5 Nh5 18. g3 f5 19. exf5 gxf5 20. O-O Nf6 21. f4 exf4 22. gxf4 Ne4 23. Nxe4 Rxe4 24. Bf3 Rc4 25. Be2 Re4 26. Bf3 Rc4 27. Rf2 Qf8 28. Be2 Re4 29. Bf3 Rc4 30. Be2 Re4 31. Rg2 Qf6 32. Bf3 Rc4 33. Be2 Re4 34. Bf3 Rc4 35. Kh1 1/2-1/2